La biblioteca universitaria (Record no. 115048)

MARC details
000 -LEADER
fixed length control field 00943nam a22002177a 4500
005 - DATE AND TIME OF LATEST TRANSACTION
control field 20260126085537.0
008 - FIXED-LENGTH DATA ELEMENTS--GENERAL INFORMATION
fixed length control field 240913b wau|||||||| |||| 00| 0 spa d
050 04 - LIBRARY OF CONGRESS CALL NUMBER
Classification number Z675.U5
Item number W55 1963
100 1# - MAIN ENTRY--PERSONAL NAME
Personal name Wilson, Louis R.
240 14 - UNIFORM TITLE
Uniform title The university library: the organization, administration, and functions of academic libraries.
Language of a work Español
245 13 - TITLE STATEMENT
Title La biblioteca universitaria
Remainder of title : su organización, administración y funciones
Statement of responsibility, etc Louis R. y Maurice F. Tauber ; traductor al español por Jorge Aguayo
250 ## - EDITION STATEMENT
Edition statement 1a ed.
260 ## - PUBLICATION, DISTRIBUTION, ETC. (IMPRINT)
Place of publication, distribution, etc Washinton :
Name of publisher, distributor, etc Unión Panamericana. Secretaría General, Organización de los Estados Americanos,
Date of publication, distribution, etc 1963
300 ## - PHYSICAL DESCRIPTION
Extent 337 p. ;
Dimensions 29 cm.
490 0# - SERIES STATEMENT
Series statement Manuales del Bibliotecario ;
Volume number/sequential designation 4
505 ## - FORMATTED CONTENTS NOTE
Formatted contents note Bibliografía : p. 375-377 e índice
650 #7 - SUBJECT ADDED ENTRY--TOPICAL TERM
Source of heading or term lemb
Topical term or geographic name as entry element Bibliotecas universitarias
General subdivision Administración
700 1# - ADDED ENTRY--PERSONAL NAME
Personal name Tauber, Maurice F.,
Relator term autor
700 1# - ADDED ENTRY--PERSONAL NAME
Personal name Aguayo, Jorge,
Relator term traductor
942 ## - ADDED ENTRY ELEMENTS (KOHA)
Source of classification or shelving scheme Biblioteca del Cogreso de los Estados Unidos
Koha item type Libro
Holdings
Estado de pérdida Fuente de clasificación Estado del daño No para préstamo Ubicación permanente Ubicación actual Apartado o colección Fecha de adquisición Edición Área del conocimiento Total Checkouts Clasificación Código de Barras Date last seen Número de copia Costo por reposición Tipo de recurso Nota pública
  Biblioteca del Cogreso de los Estados Unidos     Biblioteca de la Facultad de Arquitectura Biblioteca de la Facultad de Arquitectura General 22/01/2026 1a ed. Educación y Humanidades   Z675.U5 W55 r1964 BFA000006535 22/01/2026 1 1.00 Libro POSGRADO